00481nam a2200181Ia 4500003000900000008004100009040001600050080001500066100002200081245005800103250001200161260003500173300001700208490002300225650002000248650001900268650001200287IN-BaIIA211028s9999 xx 000 0 eng d cIIA Library a530.1bBRA aBraddick, H. J. J 4aThe Physics of experimental methodcH. J. J. Braddick a2nd ed. aLondonbChapman and Hallc1966 axxiii, 480p. aScience paperbacks aApplied Physics aNASA Thesaurus aPhysics